书目信息 |
| 题名: |
电子取证的法律规制
|
|
| 作者: | 刘品新 主编 | |
| 分册: | ||
| 出版信息: | 北京 中国法制出版社 2010.02 |
|
| 页数: | 404页 | |
| 开本: | 21cm | |
| 丛书名: | ||
| 单 册: | ||
| 中图分类: | D915.13 , D918 | |
| 科图分类: | ||
| 主题词: | 电子技术--应用--证据--调查--研究 | |
| 电子资源: | ||
| ISBN: | 978-7-5093-1714-3 | |
| 000 | 00761nam0 2200241 450 | |
| 001 | 012010610965 | |
| 005 | 20100527153308.23 | |
| 009 | 012004449609 | |
| 010 | @a978-7-5093-1714-3@dCNY32.00 | |
| 100 | @a20100515d2010 em y0chiy0110 ea | |
| 101 | 0 | @achi |
| 102 | @aCN@b110000 | |
| 105 | @ay z 000yy | |
| 200 | 1 | @a电子取证的法律规制@Adian zi qu zheng de fa lv gui zhi@f刘品新主编 |
| 210 | @a北京@c中国法制出版社@d2010.02 | |
| 215 | @a404页@d21cm | |
| 330 | @a本书共分11章,包括:计算机搜查、计算机现场勘验、电子证据鉴定、网络监控、网络过滤、网络通缉、网络搜索等。 | |
| 606 | 0 | @a电子技术@x应用@x证据@x调查@x研究 |
| 690 | @aD915.13@v4 | |
| 690 | @aD918@v4 | |
| 701 | 0 | @a刘品新@Aliu pin xin@4主编 |
| 801 | 0 | @aCN@c20100515 |
| 905 | @dD915.13@eL650@f3 | |
| 电子取证的法律规制/刘品新主编.-北京:中国法制出版社,2010.02 |
| 404页;21cm |
| ISBN 978-7-5093-1714-3:CNY32.00 |
| 本书共分11章,包括:计算机搜查、计算机现场勘验、电子证据鉴定、网络监控、网络过滤、网络通缉、网络搜索等。 |
| ● |
| 相关链接 |
|
|
|
正题名:电子取证的法律规制
索取号:D915.13/L650
 
预约/预借
| 序号 | 登录号 | 条形码 | 馆藏地/架位号 | 状态 | 备注 |